| 000 | 00976nam a2200301 a 4500 | ||
|---|---|---|---|
| 001 | 59512 | ||
| 003 | BD-RjUL | ||
| 005 | 20211209080736.0 | ||
| 008 | 161226s1995 ilua b 001 0 eng | ||
| 020 | _a0256131546 | ||
| 035 | _a(BD-RjUL) 59636 | ||
| 040 |
_aDLC _cDLC _dBD-RjUL _beng |
||
| 041 | _aeng | ||
| 082 | 0 | 0 |
_a658.15 _223 _bANM 1995 |
| 100 | 1 |
_aAnthony, Robert N. _q(Robert Newton), _d1916-2006. _9175271 |
|
| 245 | 1 | 0 |
_aManagement control systems / _cRobert N. Anthony, Vijay Govindarajan. |
| 250 | _a8th ed. | ||
| 260 |
_aChicago : _bIrwin, _c1995. |
||
| 300 |
_axviii, 888 p. : _bill. ; _c24 cm. |
||
| 504 | _aIncludes bibliographical references and index. | ||
| 650 | 0 |
_aIndustrial management. _9171014 |
|
| 650 | 0 |
_aIndustrial management _vCase studies. _9175223 |
|
| 650 | 0 |
_aCost control. _9175273 |
|
| 700 | 1 |
_aGovindarajan, Vijay. _9177022 |
|
| 942 |
_2ddc _cBK |
||
| 999 |
_c59512 _d59512 |
||